Flexpack : a Computer Package for Optimal Multiperiod Design /

Guardado en:
Autor Principal: Avidan, A. I.
Otros Autores: Grossmann, I. E.
Formato: Libro
Idioma:English
Publicado: Pittsburgh, Pa : Design Research Center, 1983.
Materias:
Etiquetas: Agregar Etiqueta
Sin Etiquetas, Sea el primero en etiquetar este registro!
LEADER 00708nam a22001935a 4500
001 EIQ.libpla001197
008 060817s1983####paua##########000#0#eng#d
005 20060817165135.0
245 1 0 |a Flexpack :  |b a Computer Package for Optimal Multiperiod Design /  |c by A. I. Avidan & I. E. Grossmann. 
260 |a Pittsburgh, Pa :  |b Design Research Center,  |c 1983. 
300 |a [7] h. ;  |c 28 cm. 
100 1 |a Avidan, A. I. 
700 1 |a Grossmann, I. E.  |q (Ignacio E.) 
650 4 |a Electrónica  |x Diseño digital. 
650 4 |a Diseño digital  |x Programas. 
650 4 |a Electronics  |x Digital design. 
650 4 |a Digital design  |x Programs. 
040 |a AR-BbSID  |b spa  |c AR-BbSID 
859 |a AR-BbSID  |b BIB. PLAPIQUI  |h 621.381  |i Av 61  |p 3353